00534nam a2200169Ia 4500008004100000020001800041041000800059082001600067100001800083245002900101250000600130260004500136300001100181650002300192999001900215952013000234210716s2002 xx 000 0 und d a9780195678758 aeng a128.33 SENA aSen, Amartya. aRationality and freedom. a1 aNew DelhibOxford University Pressc2002 aix,736 aGeneral Management c201374d201374 00102ddc40738MBAaAIMITbAIMITd2006-08-07g316.00l0o128.33 SENApMBA03940r2025-07-21 00:00:00v252.80w2021-07-16yBK